[Event "Frauenbundesliga 2018/2019"]
[Site "St.Veit/Glan Fuchspalast & Blumenhalle; Jenbach Veranstaltungszentrum"]
[Date "2019.01.18"]
[Round "3"]
[Board "1"]
[White "Fuchs, Judith"]
[Black "Unuk, Laura"]
[Result "1/2-1/2"]
[WhiteElo "2256"]
[BlackElo "2266"]
[PlyCount "60"]
[EventDate "2018.11.17"]
[EventType "team"]
[EventRounds "7"]
[EventCountry "AUT"]
[WhiteTeam "SK Mayrhofen/Zell/Zillertal"]
[BlackTeam "SK Advisory Invest Baden"]

1. d4 Nf6 2. Bf4 e6 3. e3 c5 4. Nf3 Nc6 5. c3 d5 6. Nbd2 Nh5 7. Bg5 Be7 8. Bxe7
Qxe7 9. Bb5 Bd7 10. O-O Nf6 11. Re1 O-O 12. Bxc6 Bxc6 13. Ne5 Rac8 14. Qe2 Rfd8
15. Nxc6 Rxc6 16. Nf3 Ne4 17. Ne5 Rc7 18. f3 Nd6 19. Rad1 b6 20. Ng4 h5 21. Nf2
cxd4 22. exd4 Nf5 23. Nd3 Qg5 24. Qd2 Qxd2 25. Rxd2 a5 26. Kf2 g5 27. Re5 Kg7
28. g3 Kf6 29. Kf1 Rh8 30. Rf2 Kg6  1/2-1/2

[Event "Frauenbundesliga 2018/2019"]
[Site "St.Veit/Glan Fuchspalast & Blumenhalle; Jenbach Veranstaltungszentrum"]
[Date "2019.01.18"]
[Round "3"]
[Board "2"]
[White "Hrescak, Ivana"]
[Black "Mayrhuber, Nikola"]
[Result "1-0"]
[WhiteElo "2128"]
[BlackElo "1983"]
[PlyCount "93"]
[EventDate "2018.11.17"]
[EventType "team"]
[EventRounds "7"]
[EventCountry "AUT"]
[WhiteTeam "SK Advisory Invest Baden"]
[BlackTeam "SK Mayrhofen/Zell/Zillertal"]

1. d4 {[%emt 0:00:00]} d5 2. c4 dxc4 3. Nf3 Nf6 4. e3 Bg4 5. Bxc4 e6 6. Nc3 Nc6
7. Bb5 Bd6 8. Qa4 Bxf3 9. gxf3 O-O 10. Bxc6 bxc6 11. Qxc6 Rb8 12. b3 Rb6 13.
Qc4 Qa8 14. Qe2 e5 15. dxe5 Bxe5 16. Bb2 Rd8 17. Rd1 Rxd1+ 18. Nxd1 Ng4 19. e4
Re6 20. fxg4 Bxb2 21. f3 Bd4 22. Ne3 Qc6 23. Nc4 Bc3+ 24. Kf2 Qc5+ 25. Kg2 h5
26. h3 Qg5 27. Qd3 Bf6 28. Qe3 Qg6 29. Qxa7 Kh7 30. Re1 Bh4 31. Re2 f5 32. Ne3
fxe4 33. f4 Qf7 34. f5 Rd6 35. Nc4 Rd3 36. Qc5 Qf6 37. Qe5 Qd8 38. Qxe4 hxg4
39. hxg4 Rg3+ 40. Kh2 Qd1 41. f6+ Kh6 42. Re1 Qxg4 43. Qxg4 Rxg4 44. f7 Rf4 45.
Re4 Rf2+ 46. Kg1 Bg3 47. Rg4  1-0

[Event "Frauenbundesliga 2018/2019"]
[Site "St.Veit/Glan Fuchspalast & Blumenhalle; Jenbach Veranstaltungszentrum"]
[Date "2019.01.18"]
[Round "3"]
[Board "3"]
[White "Wu, Min"]
[Black "Trippold, Denise"]
[Result "1/2-1/2"]
[WhiteElo "1924"]
[BlackElo "2162"]
[PlyCount "71"]
[EventDate "2018.11.17"]
[EventType "team"]
[EventRounds "7"]
[EventCountry "AUT"]
[WhiteTeam "SK Mayrhofen/Zell/Zillertal"]
[BlackTeam "SK Advisory Invest Baden"]

1. e4 {[%emt 0:00:00]} e6 2. d3 d5 3. Qe2 Ne7 4. Nf3 c5 5. g3 Nbc6 6. Bg2 g6 7.
O-O Bg7 8. Nbd2 O-O 9. Re1 b6 10. h4 h6 11. Nf1 Ba6 12. e5 Nd4 13. Nxd4 cxd4
14. Bf4 Nc6 15. Nh2 g5 16. hxg5 hxg5 17. Bd2 Nxe5 18. Qh5 Qf6 19. Bxg5 Qg6 20.
Qxg6 Nxg6 21. a4 Rfc8 22. Re2 Rc6 23. b4 b5 24. Ng4 bxa4 25. Rxa4 Bb5 26. Ra2
Rc7 27. f4 Ne7 28. Nf6+ Kf8 29. g4 Nc6 30. Rb2 Nd8 31. f5 Rac8 32. Kf2 Ba4 33.
Nh7+ Kg8 34. Nf6+ Kf8 35. Nh7+ Kg8 36. Nf6+  1/2-1/2

[Event "Frauenbundesliga 2018/2019"]
[Site "St.Veit/Glan Fuchspalast & Blumenhalle; Jenbach Veranstaltungszentrum"]
[Date "2019.01.18"]
[Round "3"]
[Board "4"]
[White "Molnar, Monika"]
[Black "Konecny, Sophie"]
[Result "0-1"]
[WhiteElo "1770"]
[BlackElo "1936"]
[PlyCount "60"]
[EventDate "2018.11.17"]
[EventType "team"]
[EventRounds "7"]
[EventCountry "AUT"]
[WhiteTeam "SK Advisory Invest Baden"]
[BlackTeam "SK Mayrhofen/Zell/Zillertal"]

1. e4 e6 2. d4 d5 3. Nd2 Nf6 4. e5 Nfd7 5. Ndf3 c5 6. c3 Nc6 7. Bd3 Qb6 8. Ne2
cxd4 9. cxd4 f6 10. exf6 Nxf6 11. O-O Bd6 12. Bb1 O-O 13. Ng3 e5 14. dxe5 Nxe5
15. Nxe5 Bxe5 16. Bd3 Bg4 17. Qa4 Bd4 18. Qb5 Rae8 19. Qxb6 Bxb6 20. Bd2 Nd7
21. Rac1 a6 22. h3 Ne5 23. Bxh7+ Kxh7 24. hxg4 Nd3 25. Rc2 Bxf2+ 26. Kh2 Bxg3+
27. Kxg3 Rxf1 28. Rc7 b5 29. Bc3 Re3+ 30. Kh4 Ne5  0-1

[Event "Frauenbundesliga 2018/2019"]
[Site "St.Veit/Glan Fuchspalast & Blumenhalle; Jenbach Veranstaltungszentrum"]
[Date "2019.01.18"]
[Round "3"]
[Board "1"]
[White "Katter, Katharina"]
[Black "Exler, Veronika"]
[Result "0-1"]
[WhiteElo "1816"]
[BlackElo "2287"]
[PlyCount "106"]
[EventDate "2018.11.17"]
[EventType "team"]
[EventRounds "7"]
[EventCountry "AUT"]
[WhiteTeam "SK DolomitenBank Lienz"]
[BlackTeam "SV Wulkaprodersdorf"]

1. d4 d5 2. Nf3 Nf6 3. e3 Bg4 4. Be2 e6 5. b3 c5 6. O-O Nc6 7. Bb2 Bd6 8. c4
O-O 9. Nc3 cxd4 10. Nxd4 Bxe2 11. Ncxe2 dxc4 12. Nxc6 bxc6 13. bxc4 Bxh2+ 14.
Kxh2 Qb8+ 15. Kg1 Qxb2 16. Nd4 c5 17. Nb3 Qe5 18. Qf3 Ne4 19. Rfd1 a5 20. Qf4
Qxf4 21. exf4 a4 22. Nc1 Rfd8 23. Ne2 Kf8 24. f3 Nd6 25. Rac1 Ke7 26. Kf2 Rab8
27. Nc3 Rb4 28. Rh1 h6 29. Ne4 Nxe4+ 30. fxe4 Rd2+ 31. Kf3 Rxa2 32. Rc3 Rbb2
33. g3 Rf2+ 34. Kg4 Rac2 35. Rc1 Rxc1 36. Rxc1 a3 37. Rc3 a2 38. Ra3 Kd6 39.
Ra6+ Kc7 40. Ra7+ Kb6 41. Ra3 Rc2 42. Ra4 Rxc4 43. Rxa2 Rxe4 44. Kf3 f5 45. Rd2
c4 46. Rd8 g5 47. Rh8 Kb5 48. Rxh6 g4+ 49. Kf2 c3 50. Rh1 Kc4 51. Re1 Rxe1 52.
Kxe1 Kb3 53. Kd1 Kb2  0-1

[Event "Frauenbundesliga 2018/2019"]
[Site "St.Veit/Glan Fuchspalast & Blumenhalle; Jenbach Veranstaltungszentrum"]
[Date "2019.01.18"]
[Round "3"]
[Board "2"]
[White "Newrkla, Katharina"]
[Black "Truszkiewicz, Eliza"]
[Result "1-0"]
[WhiteElo "2190"]
[BlackElo "1909"]
[PlyCount "73"]
[EventDate "2018.11.17"]
[EventType "team"]
[EventRounds "7"]
[EventCountry "AUT"]
[WhiteTeam "SV Wulkaprodersdorf"]
[BlackTeam "SK DolomitenBank Lienz"]

1. e4 {[%emt 0:00:00]} e5 2. Nf3 Nc6 3. Bb5 Nf6 4. d3 d6 5. Nbd2 a6 6. Bxc6+
bxc6 7. Nc4 Be6 8. Qe2 c5 9. O-O Be7 10. Bd2 Rb8 11. Rfb1 O-O 12. a3 Qd7 13.
Ne3 Qc6 14. c4 Nd7 15. b4 f5 16. exf5 Bxf5 17. Nxf5 Rxf5 18. Qe4 Qxe4 19. dxe4
Rff8 20. Be3 cxb4 21. axb4 Nf6 22. Nd2 Ng4 23. Nf1 Ra8 24. Ra2 Rfb8 25. Bd2 Nf6
26. f3 c5 27. Ne3 g6 28. Rab2 cxb4 29. Bxb4 Rc8 30. Ba3 Rc6 31. Kf1 Rac8 32.
Ke2 Bf8 33. Rb8 Nd7 34. Rxc8 Rxc8 35. Nd5 Rxc4 36. Rb7 Rc8 37. Rxd7  1-0

[Event "Frauenbundesliga 2018/2019"]
[Site "St.Veit/Glan Fuchspalast & Blumenhalle; Jenbach Veranstaltungszentrum"]
[Date "2019.01.18"]
[Round "3"]
[Board "3"]
[White "Zechner, Andrea"]
[Black "Ragger, Anna-Christina"]
[Result "0-1"]
[WhiteElo "1863"]
[BlackElo "2276"]
[PlyCount "82"]
[EventDate "2018.11.17"]
[EventType "team"]
[EventRounds "7"]
[EventCountry "AUT"]
[WhiteTeam "SK DolomitenBank Lienz"]
[BlackTeam "SV Wulkaprodersdorf"]

1. d4 {[%emt 0:00:00]} d5 2. c4 c6 3. Nf3 Nf6 4. cxd5 cxd5 5. Nc3 Nc6 6. Bf4 a6
7. e3 Bg4 8. Be2 e6 9. O-O Bd6 10. Bxd6 Qxd6 11. a3 O-O 12. Rc1 b5 13. b4 Bxf3
14. Bxf3 Rac8 15. g3 Rfd8 16. Bg2 Rc7 17. Qb3 Rdc8 18. Ne2 Nd7 19. Rc3 Nb6 20.
Rfc1 Nc4 21. Nf4 Ra7 22. Nd3 a5 23. Nc5 axb4 24. axb4 Rca8 25. Qd1 Nxb4 26. Rb3
Na2 27. Ra1 b4 28. e4 g6 29. e5 Nxe5 30. Qe1 Nc6 31. Qd2 Nc3 32. Rc1 Ra1 33.
Bf1 Rxc1 34. Qxc1 Nxd4 35. Rxc3 bxc3 36. Qxc3 e5 37. Nd3 Nf3+ 38. Kg2 d4 39.
Qb2 Qd5 40. Kh3 Qe4 41. g4 h5  0-1

[Event "Frauenbundesliga 2018/2019"]
[Site "St.Veit/Glan Fuchspalast & Blumenhalle; Jenbach Veranstaltungszentrum"]
[Date "2019.01.18"]
[Round "3"]
[Board "4"]
[White "Moerwald, Miriam"]
[Black "Mattersberger, Melanie"]
[Result "0-1"]
[WhiteElo "1679"]
[BlackElo "1679"]
[PlyCount "62"]
[EventDate "2018.11.17"]
[EventType "team"]
[EventRounds "7"]
[EventCountry "AUT"]
[WhiteTeam "SV Wulkaprodersdorf"]
[BlackTeam "SK DolomitenBank Lienz"]

1. e4 Nf6 2. e5 Nd5 3. d4 d6 4. Nf3 dxe5 5. Nxe5 g6 6. Bc4 c6 7. c3 Bg7 8. O-O
O-O 9. Nd2 Be6 10. Bb3 Nd7 11. Ndf3 Nxe5 12. Nxe5 Rc8 13. Qe2 Nc7 14. Bxe6 Nxe6
15. Re1 Qd5 16. b3 c5 17. Bb2 cxd4 18. c4 Qd6 19. Rad1 Rfd8 20. Nd3 Bf6 21. Rc1
Nc5 22. Ba3 b6 23. Nxc5 bxc5 24. Qd3 Qa6 25. b4 cxb4 26. Bxb4 e5 27. a3 Rd7 28.
Qe4 Rxc4 29. Rcd1 Qc6 30. Qd3 Rc2 31. f4 Qxg2#  0-1

[Event "Frauenbundesliga 2018/2019"]
[Site "St.Veit/Glan Fuchspalast & Blumenhalle; Jenbach Veranstaltungszentrum"]
[Date "2019.01.18"]
[Round "3"]
[Board "1"]
[White "Novkovic, Julia"]
[Black "Richterova, Natasa"]
[Result "0-1"]
[WhiteElo "2107"]
[BlackElo "2227"]
[PlyCount "96"]
[EventDate "2018.11.17"]
[EventType "team"]
[EventRounds "7"]
[EventCountry "AUT"]
[WhiteTeam "SK Dornbirn"]
[BlackTeam "Spg Steyr"]

1. e4 e5 2. Nf3 Nf6 3. d4 Nxe4 4. dxe5 d5 5. Nbd2 Nxd2 6. Qxd2 Be7 7. Bd3 c5 8.
O-O O-O 9. c3 Nc6 10. Re1 Bg4 11. Ng5 Bxg5 12. Qxg5 Qxg5 13. Bxg5 Rfe8 14. Bf4
a6 15. f3 Be6 16. Bg3 Rac8 17. f4 c4 18. Bc2 d4 19. cxd4 Nxd4 20. Be4 b5 21.
Rac1 a5 22. Bf2 Red8 23. Kf1 g6 24. Red1 Bf5 25. Bxf5 Nxf5 26. g4 Ng7 27. Bb6
Rxd1+ 28. Rxd1 a4 29. a3 Ne6 30. f5 gxf5 31. gxf5 Nf4 32. Rd4 Nd3 33. Rg4+ Kf8
34. Bd4 Rd8 35. Bc3 Rd5 36. f6 h6 37. Rh4 Nxe5 38. Rxh6 Ke8 39. Rh5 Ng4 40.
Rh8+ Kd7 41. Rb8 Ke6 42. h3 Ne3+ 43. Ke2 Nd1 44. Rb6+ Kf5 45. Bb4 Nxb2 46. Be7
c3 47. Bb4 c2 48. Rc6 Nc4  0-1

[Event "Frauenbundesliga 2018/2019"]
[Site "St.Veit/Glan Fuchspalast & Blumenhalle; Jenbach Veranstaltungszentrum"]
[Date "2019.01.18"]
[Round "3"]
[Board "2"]
[White "Saler-Grafenberger, Elisabeth"]
[Black "Kurapova, Olga"]
[Result "0-1"]
[WhiteElo "1860"]
[BlackElo "1930"]
[PlyCount "70"]
[EventDate "2018.11.17"]
[EventType "team"]
[EventRounds "7"]
[EventCountry "AUT"]
[WhiteTeam "Spg Steyr"]
[BlackTeam "SK Dornbirn"]

1. c4 Nf6 2. Nc3 g6 3. g3 Bg7 4. Bg2 c5 5. Nf3 Nc6 6. O-O O-O 7. b3 e6 8. Bb2
d5 9. cxd5 exd5 10. d4 Ne4 11. e3 Bg4 12. Ne2 Qd7 13. Ne5 Nxe5 14. dxe5 Ng5 15.
f3 Bh3 16. Nf4 Bxg2 17. Kxg2 Rfd8 18. Rc1 Rac8 19. h4 Ne6 20. Nxe6 Qxe6 21. f4
c4 22. Bd4 a6 23. bxc4 dxc4 24. Qf3 b5 25. Bc3 Qb6 26. f5 gxf5 27. Qxf5 Qe6 28.
Qxe6 fxe6 29. Kf3 Rd3 30. Ke4 Rf8 31. Rfd1 Rfd8 32. Rf1 Bh6 33. Rfe1 Rf8 34.
Re2 Rfd8 35. Bd4 R8xd4+  0-1

[Event "Frauenbundesliga 2018/2019"]
[Site "St.Veit/Glan Fuchspalast & Blumenhalle; Jenbach Veranstaltungszentrum"]
[Date "2019.01.18"]
[Round "3"]
[Board "3"]
[White "Karner, Sylvia"]
[Black "Hackbarth, Christa"]
[Result "0-1"]
[WhiteElo "1667"]
[BlackElo "1774"]
[PlyCount "62"]
[EventDate "2018.11.17"]
[EventType "team"]
[EventRounds "7"]
[EventCountry "AUT"]
[WhiteTeam "SK Dornbirn"]
[BlackTeam "Spg Steyr"]

1. d4 {[%emt 0:00:00]} d5 2. c4 c6 3. Nf3 Nf6 4. Nc3 e6 5. g3 Be7 6. Bg2 O-O 7.
O-O Nbd7 8. b3 Re8 9. Qc2 Nf8 10. Bb2 b6 11. Rfd1 Bb7 12. e4 dxe4 13. Nxe4 Nxe4
14. Qxe4 Qc7 15. Ne5 Rac8 16. Qe3 Red8 17. Rac1 c5 18. d5 exd5 19. cxd5 Bf6 20.
d6 Qb8 21. Bh3 Bxe5 22. Bxe5 Nd7 23. Bxd7 Rxd7 24. Qg5 f6 25. Bxf6 Rf8 26. Be7
Rf7 27. Rf1 Bf3 28. Rc4 Bg2 29. Rf4 Rxf4 30. Qxf4 Bxf1 31. Qf5 Bb5  0-1

[Event "Frauenbundesliga 2018/2019"]
[Site "St.Veit/Glan Fuchspalast & Blumenhalle; Jenbach Veranstaltungszentrum"]
[Date "2019.01.18"]
[Round "3"]
[Board "4"]
[White "Nagy, Laura"]
[Black "Wielander, Magdalena"]
[Result "1-0"]
[WhiteElo "1808"]
[BlackElo "901"]
[PlyCount "92"]
[EventDate "2018.11.17"]
[EventType "team"]
[EventRounds "7"]
[EventCountry "AUT"]
[WhiteTeam "Spg Steyr"]
[BlackTeam "SK Dornbirn"]

1. e4 e5 2. Nf3 Nc6 3. Bc4 Bc5 4. O-O Nf6 5. d3 d6 6. Bg5 Bg4 7. c3 Qd7 8. a4
O-O-O 9. b4 Bxb4 10. cxb4 Nxb4 11. Nbd2 Rde8 12. Qb3 Nc6 13. Qc3 d5 14. Bb5 d4
15. Qc2 a6 16. Bxc6 Qxc6 17. Qxc6 bxc6 18. Rfc1 Kd7 19. Rc5 Kd6 20. Rac1 Bd7
21. Ra5 Bc8 22. Nc4+ Kd7 23. Ncxe5+ Ke7 24. Rxc6 Rd8 25. Rxc7+ Bd7 26. Rd5 Ke8
27. Bxf6 gxf6 28. Nxd7 Ke7 29. Nc5+ Ke8 30. Rxd8+ Kxd8 31. Rxf7 Ke8 32. Rb7 Rg8
33. Rb8+ Kf7 34. Rxg8 Kxg8 35. Nxd4 Kf7 36. Nxa6 Ke7 37. Nb4 Kd6 38. Nd5 Ke5
39. Nf5 h5 40. f4+ Ke6 41. a5 Kd7 42. Nxf6+ Kc6 43. Nxh5 Kb5 44. g4 Kxa5 45. g5
Kb4 46. Nfg3 Kc3  1-0

[Event "Frauenbundesliga 2018/2019"]
[Site "St.Veit/Glan Fuchspalast & Blumenhalle; Jenbach Veranstaltungszentrum"]
[Date "2019.01.19"]
[Round "4"]
[Board "1"]
[White "Hoolt, Sarah"]
[Black "Unuk, Laura"]
[Result "1/2-1/2"]
[WhiteElo "2324"]
[BlackElo "2266"]
[PlyCount "109"]
[EventDate "2018.11.17"]
[EventType "team"]
[EventRounds "7"]
[EventCountry "AUT"]
[WhiteTeam "ASVOE Pamhagen"]
[BlackTeam "SK Advisory Invest Baden"]

1. e4 e5 2. Nf3 Nc6 3. Bc4 Nf6 4. d3 Be7 5. O-O O-O 6. Re1 d6 7. a4 Na5 8. Ba2
c5 9. c3 Nc6 10. Na3 h6 11. h3 a6 12. Nc2 Rb8 13. b4 b5 14. Bd5 Na7 15. bxc5
dxc5 16. Ne3 Nxd5 17. Nxd5 Nc6 18. axb5 axb5 19. d4 Bd6 20. dxe5 Nxe5 21. Nxe5
Bxe5 22. f4 Bd6 23. f5 Re8 24. Qg4 Kh7 25. Rd1 Be5 26. Be3 Bb7 27. Bxc5 Bxd5
28. Rxd5 Qc7 29. Rxe5 Rxe5 30. Bd4 Rbe8 31. Ra7 Qd8 32. Rxf7 Qg5 33. Qxg5 hxg5
34. Bxe5 Rxe5 35. Rb7 Kg8 36. Kf2 Rxe4 37. Rxb5 Rc4 38. Kf3 Kf7 39. Rb6 Rf4+
40. Kg3 Rxf5 41. Rc6 Rf4 42. c4 Ke7 43. c5 Rc4 44. Rc7+ Kf6 45. c6 Kf5 46. Kf3
Rc3+ 47. Ke2 g6 48. Kd2 Rc5 49. Ke3 Ke6 50. Rc8 Rc3+ 51. Kf2 g4 52. hxg4 Kd6
53. Rg8 g5 54. Rxg5 Kxc6 55. Re5  1/2-1/2

[Event "Frauenbundesliga 2018/2019"]
[Site "St.Veit/Glan Fuchspalast & Blumenhalle; Jenbach Veranstaltungszentrum"]
[Date "2019.01.19"]
[Round "4"]
[Board "2"]
[White "Hrescak, Ivana"]
[Black "Theissl-Pokorna, Regina"]
[Result "1/2-1/2"]
[WhiteElo "2128"]
[BlackElo "2304"]
[PlyCount "164"]
[EventDate "2018.11.17"]
[EventType "team"]
[EventRounds "7"]
[EventCountry "AUT"]
[WhiteTeam "SK Advisory Invest Baden"]
[BlackTeam "ASVOE Pamhagen"]

1. d4 {[%emt 0:00:00]} Nf6 {[%emt 0:00:00]} 2. c4 e6 3. Nc3 Bb4 4. e3 O-O 5.
Nge2 d5 6. cxd5 exd5 7. a3 Bd6 8. Ng3 Re8 9. Bd3 b6 10. Nb5 Bf8 11. O-O c5 12.
dxc5 bxc5 13. b4 a6 14. Nc3 cxb4 15. axb4 Bxb4 16. Bb2 Nbd7 17. Bc2 Bb7 18. Nf5
Ne5 19. Ne2 Nc4 20. Bd4 Nd6 21. Neg3 Nxf5 22. Nxf5 Bf8 23. Qf3 Re6 24. Qh3 g6
25. Nh6+ Bxh6 26. Qxh6 Qf8 27. Qh4 Qe7 28. Rfb1 Bc8 {[%emt 0:00:00]} 29. Ra5
Nh5 30. Qxe7 Rxe7 31. Rxd5 Be6 32. Re5 Rc8 33. Bd3 Rec7 34. Bxa6 Rc1+ 35. Rxc1
Rxc1+ 36. Bf1 Kf8 37. Rc5 Rb1 38. f3 Ke7 39. Kf2 Nf6 40. Ra5 h5 41. h4 Nd7 42.
Ra7 Kd6 43. Ra6+ Ke7 44. Ra8 Bd5 45. Ra7 Kd6 46. Ra6+ Ke7 47. Ra5 Be6 48. Bd3
Rd1 49. Be2 Rh1 50. Kg3 Re1 51. Bb5 Rb1 52. Bc6 Rd1 53. Ra1 Rd3 54. Ra7 Rd2 55.
Ra5 Rd1 56. Ra1 Rd3 57. Rc1 {[%emt 0:00:00]} Rd2 58. Bb5 Ra2 59. Bd3 Ra3 60.
Be4 Ra2 61. Bc6 Ra6 62. Bb5 Ra5 63. Bd3 Ra3 64. Be4 Ra2 65. Rc2 Ra4 66. Kf4 Rb4
67. g4 hxg4 68. fxg4 Rb1 69. Rf2 Rg1 70. Rg2 Rh1 71. Kg3 f5 72. gxf5 gxf5 73.
Bf3 Nf6 74. Bxf6+ Kxf6 75. Rh2 Re1 76. Kf4 Rf1 77. Kg3 Re1 78. Kf2 Rb1 79. Kg3
Rb3 80. Re2 Bf7 81. Kf2 Rb4 82. Kg3 Rb3  1/2-1/2

[Event "Frauenbundesliga 2018/2019"]
[Site "St.Veit/Glan Fuchspalast & Blumenhalle; Jenbach Veranstaltungszentrum"]
[Date "2019.01.19"]
[Round "4"]
[Board "3"]
[White "Worek, Joanna"]
[Black "Stallinger, Vanessa"]
[Result "1-0"]
[WhiteElo "2308"]
[BlackElo "1786"]
[PlyCount "63"]
[EventDate "2018.11.17"]
[EventType "team"]
[EventRounds "7"]
[EventCountry "AUT"]
[WhiteTeam "ASVOE Pamhagen"]
[BlackTeam "SK Advisory Invest Baden"]

1. d4 d5 2. c4 c6 3. Nc3 Nf6 4. cxd5 cxd5 5. Bf4 Nc6 6. e3 e6 7. Bd3 Bb4 8. a3
Bxc3+ 9. bxc3 Na5 10. Nf3 Nh5 11. Bb5+ Kf8 12. Be5 a6 13. Be2 f6 14. Nd2 fxe5
15. Bxh5 g6 16. Qf3+ Kg7 17. Qg3 Qc7 18. O-O Bd7 19. dxe5 Raf8 20. e4 Nc4 21.
Nxc4 Qxc4 22. exd5 exd5 23. Rad1 Bc6 24. Rd4 Qa2 25. e6 Rf6 26. Qc7+ Kh6 27.
Bf3 g5 28. Qe5 Kg6 29. Bh5+ Kxh5 30. Qxf6 Re8 31. g4+ Kh4 32. Qh6#  1-0

[Event "Frauenbundesliga 2018/2019"]
[Site "St.Veit/Glan Fuchspalast & Blumenhalle; Jenbach Veranstaltungszentrum"]
[Date "2019.01.19"]
[Round "4"]
[Board "4"]
[White "Molnar, Monika"]
[Black "Borek, Jutta"]
[Result "1/2-1/2"]
[WhiteElo "1770"]
[BlackElo "2081"]
[PlyCount "82"]
[EventDate "2018.11.17"]
[EventType "team"]
[EventRounds "7"]
[EventCountry "AUT"]
[WhiteTeam "SK Advisory Invest Baden"]
[BlackTeam "ASVOE Pamhagen"]

1. e4 c5 2. c3 d5 3. exd5 Qxd5 4. d4 Nf6 5. Nf3 Bg4 6. Be2 e6 7. O-O Nc6 8. Be3
cxd4 9. cxd4 Be7 10. Nc3 Qd6 11. Qd2 O-O 12. Rfd1 Nb4 13. Bf4 Qd8 14. Rac1 Nbd5
15. Bg3 Rc8 16. Nxd5 Nxd5 17. Rxc8 Qxc8 18. a3 Qd8 19. Qc2 Bf5 20. Bd3 Bxd3 21.
Qxd3 Qb6 22. Qc2 Rd8 23. Rc1 Qa6 24. h3 h6 25. Be5 b5 26. Qe2 Qb7 27. Qe4 Rc8
28. Rxc8+ Qxc8 29. Qg4 Bf8 30. Ne1 Qc1 31. Qe2 a6 32. Kh2 Qc6 33. Nd3 f6 34.
Bg3 Kf7 35. Qh5+ g6 36. Qd1 Kg7 37. Qe2 Kh7 38. f3 Bd6 39. Bxd6 Qxd6+ 40. Kg1
h5 41. Qd2 Kg7  1/2-1/2

[Event "Frauenbundesliga 2018/2019"]
[Site "St.Veit/Glan Fuchspalast & Blumenhalle; Jenbach Veranstaltungszentrum"]
[Date "2019.01.19"]
[Round "4"]
[Board "1"]
[White "Polterauer, Chiara"]
[Black "Brunello, Marina"]
[Result "0-1"]
[WhiteElo "2218"]
[BlackElo "2356"]
[PlyCount "104"]
[EventDate "2018.11.17"]
[EventType "team"]
[EventRounds "7"]
[EventCountry "AUT"]
[WhiteTeam "SV "Monatsblatt" St.Veit/Glan"]
[BlackTeam "Schach ohne Grenzen"]

1. e4 {[%emt 0:00:00]} c5 2. Nf3 d6 3. d4 cxd4 4. Nxd4 Nf6 5. Nc3 a6 6. h3 Nc6
7. g4 Qb6 8. Nde2 e6 9. Bg2 Be7 10. O-O O-O 11. Be3 Qc7 12. f4 b5 13. Ng3 Nd7
14. Qd2 Bb7 15. Rad1 Na5 16. b3 Rac8 17. Nce2 Rfe8 18. f5 Bf8 19. fxe6 fxe6 20.
Bf4 Ne5 21. Kh1 Nac6 22. c3 Rcd8 23. Nd4 Ng6 24. Bg5 Rc8 25. Nf3 h6 26. Be3 d5
27. exd5 Qxg3 {[%emt 0:00:00]} 28. dxc6 {[%emt 0:00:12]} Bxc6 29. Bf2 Qc7 30.
Be3 Bd5 31. Bd4 Bd6 32. Ne1 Nf4 33. Bxd5 Nxd5 34. Ng2 Be5 35. Bxe5 Qxe5 36. Qd4
Qxd4 37. cxd4 Rc2 38. a4 Rc3 39. Kh2 Rxb3 40. axb5 axb5 41. Rb1 Rxb1 42. Rxb1
b4 43. Ne1 Rc8 44. Nd3 Rc4 45. Nc5 e5 46. Rd1 Ne3 47. Rd3 exd4 48. Nb3 Rc3 49.
Rxc3 dxc3 50. Kg1 c2 51. Kf2 Nc4 52. Ke2 Na5  0-1

[Event "Frauenbundesliga 2018/2019"]
[Site "St.Veit/Glan Fuchspalast & Blumenhalle; Jenbach Veranstaltungszentrum"]
[Date "2019.01.19"]
[Round "4"]
[Board "2"]
[White "Stangl, Anita"]
[Black "Hiebler, Laura"]
[Result "1/2-1/2"]
[WhiteElo "2008"]
[BlackElo "2023"]
[PlyCount "82"]
[EventDate "2018.11.17"]
[EventType "team"]
[EventRounds "7"]
[EventCountry "AUT"]
[WhiteTeam "Schach ohne Grenzen"]
[BlackTeam "SV "Monatsblatt" St.Veit/Glan"]

1. e4 e6 2. d4 d5 3. Nc3 Nf6 4. e5 Nfd7 5. Nf3 c5 6. Bb5 a6 7. Bxd7+ Bxd7 8.
O-O Nc6 9. Re1 Qc7 10. Bf4 Be7 11. dxc5 O-O 12. Na4 Qa5 13. c3 Rad8 14. Nb6
Qxc5 15. Be3 Qb5 16. b4 d4 17. Bxd4 Nxd4 18. Qxd4 Bc6 19. a4 Qd3 20. Qe3 Bxf3
21. gxf3 Qg6+ 22. Kh1 Rd3 23. Qf4 Bg5 24. Qg3 Qh5 25. Rg1 h6 26. Qg4 Qxg4 27.
Rxg4 Rxf3 28. Nd7 Rd8 29. Nc5 Rxf2 30. h3 Be3 31. Ne4 Re2 32. Rf1 h5 33. Rg3
Bh6 34. Nf6+ Kf8 35. Nxh5 Rxe5 36. Nf4 Rf5 37. Rgf3 Rc8 38. Ne2 Rxf3 39. Rxf3
Bd2 40. Rd3 Be1 41. Rd7 Rb8  1/2-1/2

[Event "Frauenbundesliga 2018/2019"]
[Site "St.Veit/Glan Fuchspalast & Blumenhalle; Jenbach Veranstaltungszentrum"]
[Date "2019.01.19"]
[Round "4"]
[Board "3"]
[White "Tarmastin, Laura"]
[Black "Wunderl, Eva"]
[Result "1-0"]
[WhiteElo "1895"]
[BlackElo "1908"]
[PlyCount "155"]
[EventDate "2018.11.17"]
[EventType "team"]
[EventRounds "7"]
[EventCountry "AUT"]
[WhiteTeam "SV "Monatsblatt" St.Veit/Glan"]
[BlackTeam "Schach ohne Grenzen"]

1. Nf3 {[%emt 0:00:00]} Nf6 {[%emt 0:00:00]} 2. g3 g6 3. Bg2 Bg7 4. c4 c5 5.
Nc3 d6 6. e3 O-O 7. O-O Na6 8. d4 Rb8 9. Re1 Bd7 10. Bd2 Nc7 11. dxc5 dxc5 12.
Ne5 Be6 13. Qe2 Qc8 14. Rac1 Bh3 15. Red1 Bxg2 16. Kxg2 Qe6 17. Nf3 Rfd8 18. e4
Nh5 19. b3 b6 20. Nd5 Nxd5 21. cxd5 Qd7 22. Bc3 Qg4 23. Qd3 Nf6 24. Re1 Qh5 25.
Rcd1 Rbc8 26. h3 Qh6 27. Qe2 Bf8 28. g4 Ne8 29. Qa6 Ra8 30. a4 Nc7 31. Qb7 Ne8
32. Qa6 Nc7 33. Qc4 e6 34. Be5 exd5 35. exd5 Ne8 36. g5 Qh5 37. Qf4 Bd6 38. Rd3
Rac8 39. Rde3 Bxe5 40. Nxe5 Nd6 41. Nc6 Nf5 42. Ne7+ Kf8 43. Re4 Ra8 44. Re5
Nh4+ 45. Kg3 Nf5+ 46. Kh2 Qh4 47. Rxf5 Qxf4+ 48. Rxf4 Rd7 49. Rfe4 a6 50. Re5
b5 51. axb5 axb5 52. Kg3 c4 53. bxc4 bxc4 54. R1e3 c3 55. Rxc3 Rxe7 56. Rxe7
Kxe7 57. Rc7+ Kd6 58. Rxf7 Rh8 59. Kg4 Kxd5 60. h4 h6 61. gxh6 Rxh6 62. Kg5
Rh5+ 63. Kxg6 Rxh4 64. f4 Rg4+ 65. Kf5 Rh4 66. Re7 Rh1 67. Kf6 Rf1 68. f5 Kd6
69. Re3 Rf2 70. Kg6 Rg2+ 71. Kf7 Rf2 72. f6 Kd7 73. Rd3+ Kc6 74. Ke7 Re2+ 75.
Kf8 Rf2 76. f7 Re2 77. Rg3 Kd7 78. Kg8  1-0

[Event "Frauenbundesliga 2018/2019"]
[Site "St.Veit/Glan Fuchspalast & Blumenhalle; Jenbach Veranstaltungszentrum"]
[Date "2019.01.19"]
[Round "4"]
[Board "4"]
[White "Kimpel, Janine"]
[Black "Krassnitzer, Maria"]
[Result "1-0"]
[WhiteElo "1918"]
[BlackElo "1638"]
[PlyCount "39"]
[EventDate "2018.11.17"]
[EventType "team"]
[EventRounds "7"]
[EventCountry "AUT"]
[WhiteTeam "Schach ohne Grenzen"]
[BlackTeam "SV "Monatsblatt" St.Veit/Glan"]

1. e4 d5 2. exd5 Qxd5 3. Nc3 Qa5 4. d4 Nf6 5. Bc4 Bf5 6. Bd2 c6 7. Nge2 e6 8.
Ng3 Bg6 9. h4 h6 10. h5 Bh7 11. Qe2 Nbd7 12. d5 Qc7 13. dxe6 O-O-O 14. exd7+
Qxd7 15. O-O-O Qc7 16. Qf3 Bd6 17. Nce4 Be5 18. Nxf6 Bxf6 19. Bf4 Qb6 20. Qg4+
 1-0